Past and Present Junior Hockey Teams (Sudden Death) - Statistics

General Stats
  • This quiz has been taken 47 times
  • The average score is 5 of 19
Answers on the Grid
Answers color-coded by a green-red scale on the quiz's grid according to % correct below.
Acadia Axemen
Beaufort Harfangs
Brantford Alexanders
Calgary Hitmen
Chatham Spitfires
Cornwall Royals
Drummondville Voltigeurs
Edmonton Oilers
Erie Otters
Flin Flon Bombers
Guelph Platers
Halifax Harbours
Kamloops Blazers
Kelowna Lakers
Kitchener Rangers
London Kings
Meadow Lake Stampeders
Moncton Wildcats
North Bay Battalion
North Bay Millennials
Okanagan Sun
Ottawa Senators
Rouyn-Noranda Huskies
Saskatchewan Rush
Sault Ste Marie Hounds
Sherbrooke Castors
Swift Current Broncos
Tacoma Rockets
Thunder Bay Steelheads
Toronto St Michael's Majors
Trois-Rivières Tigres
Verdun Collège-Français
Victoria Cougars
Waterloo Warriors
 
Answer Stats
Answer % Correct
Erie Otters
70%
Calgary Hitmen
40%
Kamloops Blazers
40%
Kitchener Rangers
40%
Moncton Wildcats
40%
Rouyn-Noranda Huskies
40%
North Bay Battalion
30%
Toronto St Michael's Majors
30%
Brantford Alexanders
20%
Drummondville Voltigeurs
20%
Swift Current Broncos
20%
Victoria Cougars
20%
Beaufort Harfangs
10%
Cornwall Royals
10%
Flin Flon Bombers
10%
Guelph Platers
10%
Sherbrooke Castors
10%
Tacoma Rockets
10%
Verdun Collège-Français
10%
No matching quizzes found
Score Distribution
Percent of People with Each Score
Percentile by Number Answered
Your Score History
You have not taken this quiz